| 000 | 00489nam a2200193Ia 4500 | ||
|---|---|---|---|
| 003 | GCL | ||
| 008 | 140319s9999 xx 000 0 eng d | ||
| 040 |
_aGCL / _cGCL |
||
| 082 | 0 | 4 |
_a005.74 _bR B |
| 100 | 1 | _aTURNER, JOHN | |
| 245 | 1 | 0 |
_aZ: A BEGINNER'S GUIDE / _cTURNER, JOHN |
| 700 | 1 | _aRANN, DAVID | |
| 260 |
_a[S.N] : _bCHAPMAN & HALL ، _c1994 |
||
| 300 | _a190 P | ||
| 650 | 0 | 4 | _aPROGRAMMING |
| 650 | 0 | 4 | _aCOMPUTING |
| 650 | 0 | 4 | _aZ (LANGUAGE COMPUTER SYSTEMS) |
| 942 |
_2ddc _cBK |
||
| 999 |
_c21267 _d21267 |
||